00790nam a2200265 a 4500003000900000005001700009008004100026040001300067100003000080245010200110260003000212300002500242500004500267650002600312650002200338650002300360650001300383650001400396650001100410650002800421650001300449650001900462651001900481653002400500AR-BaBNM20251128202809.0082120s2002 ||||||||||||||000 | spa|| cAR-BaBNM1 aVedia y Mitre, Mariano de00aHistoria general de las ideas políticasbcon una introducción sobre la Teoría del Estado. 9 aBuenos AiresbKraftc1946 a361 p.bil., láms. aIndice de nombres y materias p. 343-359. 4aHISTORIA DE LAS IDEAS 4aHISTORIA POLITICA 4aCIENCIAS POLITICAS 4aDERECHOS 4aSOBERANIA 4aESTADO 4aDERECHOS DE LOS ESTADOS 4aGOBIERNO 4aPODER POLITICO 4aEstados Unidos aREVOLUCION FRANCESA